000 01117nam0a22002651 4500
001 rc\4244055
005 20130416113045.9
021 _aRU
_b[57-12479]
035 _a(NLR Aleph) 008231530
090 _a8219796
_c8219796
100 _a20130416d1957 |||y0rusy50 ca
101 0 _arus
102 _aRU
105 _aac z |||a|
200 1 _aСтихи
210 _aМосква
_cСов. писатель
_d1957
215 _a142 с., 1 л. портр.
_cил.
_d16
327 1 _aСодерж.: Утро; Циклы: Сихотэ-Алинь; Море; Сучан; Лирика; Баллада о минере; Баллада о мертвом солдате; Два ворона: Баллада
464 0 _12001#$aУтро$aСихотэ-Алинь$aМоре$aСучан$aЛирика$aБаллада о минере$aБаллада о мертвом солдате$aДва ворона$eБаллада
700 1 _aАфанасьев
_bВ. Н.
_f1903-1943
_gВячеслав Николаевич
801 0 _aRU
_bNLR
_gpsbo
801 1 _aRU
_bELAR
_2rusmarc
852 _aNLR
_j57-2/439
942 _cBOOK
980 _aNB